000 00558nam a2200205Ia 4500
005 20250508161721.0
008 008 250505s9999 xx 000 0 eng d
037 _aTextual
040 _aFEDL
_beng
_cFEDL
041 _aeng
_2eng
084 _a150, ISA
_qFEDL
100 _aIsaacson Robert L.
245 0 _aPsychology
260 _aNew York, USA
_bHarper and Row Publishers
_c1965
300 _aix,374p.
650 _aPsychology
700 _a Hutt Max L. Blum Milton L
_9771443
942 _cTEXL
_h150, ISA
999 _c1371710
_d1371710